01112cam a2200265 4500001000700000003000900007005001700016008004100033010001700074040002300091043001200114050001600126082001600142100004000158245015200198260004800350300004300398500007500441500003300516504004100549505015400590610002400744651003100768700004700799785053BDDh-ASL20231015025701.0720728s1900 enkb b 001 0 eng  a 73180685  aDLCcDLCdBDDh-ASL aa-ii---00aDS465b.H92 a954.03bHUH1 aHunter, William Wilson,d1840-1900.12aA history of British India, Vol.-2 : bTo the union of the old and new companies under the Earl of Godolphin's award/ cby William Wilson Hunter.  aLondon :bLongmans, Green and Co. ,c1900.  av-2, xxxii, ,419 p. :bmaps. ;c23 cm. aVol. 2 completed and edited after the author's death by P. E. Roberts. aReprint of the 1899-1900 ed. aIncludes bibliographical references.0 av. 1. To the overthrow of the English in the spice archipelago.--v. 2. To the union of the old and new companies under the Earl of Godolphin's award.20aEast India Company. 0aIndiaxHistoryy1526-1765.1 aRoberts, P. E.q(Paul Ernest),d1873-1949.